| 000 | 01558nam a2200313 4500 | ||
|---|---|---|---|
| 003 | EG-GICUC | ||
| 005 | 20260121101210.0 | ||
| 008 | 251111s2005 ua ||||fr|||| 00| 0 ara d | ||
| 040 |
_a EG-GICUC _bara _c EG-GICUC _d EG-GICUC _erda |
||
| 041 | 0 | _aara | |
| 082 | 0 | 4 |
_221 _a341.81 _bج م . ت |
| 092 | 0 | 4 | _221 |
| 099 | _aLaw1 12 341.81 ج م . ت 1 ed - 2005 | ||
| 100 | 0 |
_aجمال محمود الكردي _eمؤلف. |
|
| 245 | 1 | 2 |
_aالتعديلات الجديدة علي قانون الجنسة المصرية في الميزان: _bدراسة تحليلة انتقادية للتعديلات التي ادخلها المشرع المصري بموجب القانون رقم154 لسنة 2004، علي قانون الجنسية رقم 26لسنة 1975/ _cتأليف دكتور جمال محمود الكردي. |
| 250 | _aالطبعة الاولى | ||
| 264 | 2 |
_aالاسكندرية: _bمنشأة المعارف، _c2005. |
|
| 300 |
_a؛150 صفحة _c24 سم _bإيضاحيات، صور، مثيليات ؛ |
||
| 336 |
_2rda content _atext |
||
| 337 |
_2rda media _aComputer |
||
| 338 |
_2rda carrier _aOnline Resource |
||
| 504 | _aيحتوي على اراجاعات ببليوجرافية يحتوي على قائمة بالمراجع. | ||
| 546 | _aالنص أغلبه باللغة العربية مع بعض النصوص الفرنسية | ||
| 650 | 1 |
_aالجنسية -- قانون دولي _zمصر _2qrmak |
|
| 651 | 1 | _2qrmak | |
| 856 | 4 | 0 | _uhttps://fll.law.cu.edu.eg/fulltext/bks/B12-00977.pdf |
| 905 | _a75 | ||
| 942 |
_2ddc _n0 _cBK _e21 |
||
| 999 |
_c42614 _d42614 |
||